The dreadful school bully

Bibliographic Details
Main Author: Kay G
Corporate Author: Title
Format: Book
Published: Selangor : Penerbitan PCT , 2004
Series:PCT blue readers
Subjects:

MARC

LEADER 00000cam a2200000 7i4500
001 0000004164
005 20151222.0
008 070725
020 |a 9832807344(set) 
020 |a 9832807395 
090 0 0 |a JF   |b ENG (3485) 
100 0 |a Kay G 
245 1 4 |a The dreadful school bully   |c Kay G 
260 |a Selangor :   |b Penerbitan PCT ,   |c 2004 
440 |a PCT blue readers 
500 |a Children ages 7-9 years old (orange) 
650 0 |a Junior fiction   |x English   |x Languages 
710 0 |a Title 
999 |a 0000003028   |b Book   |c Children Collection   |e Cawangan Taman Universiti 
999 |a 0000003029   |b Book   |c Children Collection   |e Cawangan Taman Universiti 
999 |a 0000003030   |b Book   |c Children Collection   |e Cawangan Taman Universiti 
999 |a 0000003031   |b Book   |c Children Collection   |e Cawangan Taman Universiti 
999 |a 0000917741   |b Book   |c Children Collection   |e Cawangan Bukit Gambir 
999 |a 0000927966   |b Book   |c Children Collection   |e Cawangan Tangkak 
999 |a 0000927967   |b Book   |c Children Collection   |e Cawangan Tangkak 
999 |a 0000972304   |b Book   |c Children Collection   |e Perbadanan Perpustakaan Awam Johor 
999 |a 0000972305   |b Book   |c Children Collection   |e Perbadanan Perpustakaan Awam Johor 
999 |a 0000972306   |b Book   |c Children Collection   |e Perbadanan Perpustakaan Awam Johor 
999 |a 0000972307   |b Book   |c Children Collection   |e Cawangan Bandar Tenggara 
999 |a 0000972308   |b Book   |c Children Collection   |e Perbadanan Perpustakaan Awam Johor